MANAGERIAL ECONOMICS AND ORGANISATIONAL ARCHITECTURE (Record no. 7851)

MARC details
000 -LEADER
fixed length control field 00604nam a22002177a 4500
003 - CONTROL NUMBER IDENTIFIER
control field OSt
005 - DATE AND TIME OF LATEST TRANSACTION
control field 20220325115026.0
008 - FIXED-LENGTH DATA ELEMENTS--GENERAL INFORMATION
fixed length control field 220325b ||||| |||| 00| 0 eng d
020 ## - INTERNATIONAL STANDARD BOOK NUMBER
International Standard Book Number 9789814646932
040 ## - CATALOGING SOURCE
Transcribing agency DDC
082 ## - DEWEY DECIMAL CLASSIFICATION NUMBER
Classification number 658 BRI , 2016
100 ## - MAIN ENTRY--PERSONAL NAME
Personal name BRICKLEY JAMES A
9 (RLIN) 15966
245 ## - TITLE STATEMENT
Title MANAGERIAL ECONOMICS AND ORGANISATIONAL ARCHITECTURE
250 ## - EDITION STATEMENT
Edition statement 6TH ED
260 ## - PUBLICATION, DISTRIBUTION, ETC. (IMPRINT)
Place of publication, distribution, etc. NEW YORK;
Name of publisher, distributor, etc. MACGRAW HILL
Date of publication, distribution, etc. 2016
300 ## - PHYSICAL DESCRIPTION
Extent XXVI,739P.
Other physical details IIL COL;
-- 25CM
504 ## - BIBLIOGRAPHY, ETC. NOTE
Bibliography, etc INCLUDES INDEX
650 ## - SUBJECT ADDED ENTRY--TOPICAL TERM
Topical term or geographic name as entry element MANAGERIAL ECONOMIS
9 (RLIN) 15968
650 ## - SUBJECT ADDED ENTRY--TOPICAL TERM
Topical term or geographic name as entry element ORGANISATIONAL ARCHITECTURE
9 (RLIN) 15970
942 ## - ADDED ENTRY ELEMENTS (KOHA)
Source of classification or shelving scheme Dewey Decimal Classification
Koha item type Book

No items available.